Some thoughts bearing on national defense policy /

Bibliographic Details
Main Author: Morgenstern, Oskar, 1902-1977 (Author)
Corporate Author: Sandia Corporation
Format: Book
Language:English
Published: Alburquerque, New Mexico : Sandia Corporation, 1958.
Series:Sandia Corporation monograph ; SCR-33.
Subjects:

MARC

Tag First Indicator Second Indicator Subfields
LEADER 00000cam a2200000Ii 4500
001 in00004367652
005 20210910111004.0
008 210910s1958 nmu b f000 0 eng d
035 |a (OCoLC)on1267706583 
040 |a TXA  |b eng  |e rda  |c TXA 
035 |a (OCoLC)1267706583 
043 |a n-us--- 
090 |a UA23  |b M674 1958 
049 |a TXAM 
100 1 |a Morgenstern, Oskar,  |d 1902-1977,  |e author. 
245 1 0 |a Some thoughts bearing on national defense policy /  |c by Oskar Morgenstern. 
264 1 |a Alburquerque, New Mexico :  |b Sandia Corporation,  |c 1958. 
300 |a 18 pages ;  |c 28 cm 
336 |a text  |b txt  |2 rdacontent 
337 |a unmediated  |b n  |2 rdamedia 
338 |a volume  |b nc  |2 rdacarrier 
490 1 |a Research Colloquim ;  |v SCR-33 
500 |a "June 1958." 
500 |a "Work performed under AEC contract at -(29-1)-789"--cover. 
500 |a "A lecture delivered at Sandia Coporation Albuquerque, New Mexico 20 November 1957"--inside cover. 
651 0 |a United States  |x Military policy. 
650 0 |a Military readiness. 
650 0 |a National security  |z United States. 
710 2 |a Sandia Corporation. 
830 0 |a Sandia Corporation monograph ;  |v SCR-33. 
994 |a C0  |b TXA 
999 f f |s 088b8c32-0c32-398a-8779-c4fc070770dc  |i 6f03e9da-4eda-35c6-9a9f-45aa00b2cc18  |t 0 
952 f f |p noncirc  |a Texas A&M University  |b College Station  |c Cushing Memorial Library & Archives  |d Cushing: Ragan Military (Does not check out)  |t 0  |e UA23 M674 1958  |h Library of Congress classification  |i unmediated -- volume 
998 f f |a UA23 M674 1958  |t 0  |l Cushing: Ragan Military (Does not check out)